00654 2200229 4500001002100000005001700021008004100038020001800079035002400097090002000121100001900141245010400160250001100264260002700275300002100302500002900323650001400352850001600366980001400382985000600396999002200402YOGYA-0209000004530520090227030708.0 ind  a979-763-443-4 0010-020900000045305 a133bYud HlDEP aYUDHO, Bambang aHow to overcome occultisme :bseluk beluk okultisme dan langkah-langkah pelepasannyacBambang Yudho aCet. 1 aYogyakartabAndic2006 av, 83 hlmc18 cm aBibliografi : hlm. 80-83 aOkultisme aYOPDYOG (M) a21-5-2007 a1 aCB-D.11 2006-704h